000 01015nam a22003131i 4500
001 bslw10117812
005 20240305165703.0
006 m o d
007 cr un ---uuuua
008 240112t20232023sp ob 000 0 spa d
020 _a9788411702324
035 _a41947
040 _aUtOrBLW
_beng
_erda
_cUtOrBLW
050 4 _aHQ1075
_b.F47 2023
082 0 4 _a305.3
_223
100 1 _aFernández del Riesgo, Manuel,
_eauthor.
245 1 0 _aIdeología de género y democracia :
_breflexiones críticas /
_cManuel Fernández del Riesgo.
264 1 _aMadrid :
_bDykinson, S.L.,
_c[2023]
264 4 _c©2023
300 _a1 online resource (273 pages )
336 _atext
_btxt
_2rdacontent
337 _acomputer
_bc
_2rdamedia
338 _aonline resource
_bcr
_2rdacarrier
504 _aIncludes bibliographical references.
650 0 _aGender identity
_xSocial aspects.
650 0 _aGender identity
_xLaw and legislation.
856 4 0 _uhttps://app.vlex.com/#/sources/41947
942 _cRAA
999 _c173562
_d173562